Visualizzazione normale
Vista MARC
- Mungiardi Rita
di Personal Name
Records bibliografici associati: 1
001 - CONTROL NUMBER
- control field: 39645
003 - CONTROL NUMBER IDENTIFIER
- control field: IT-RoPau
005 - DATE AND TIME OF LATEST TRANSACTION
- control field: 20151126104448.0
008 - FIXED-LENGTH DATA ELEMENTS
- fixed length control field: 151126|| aca||aabn | a|a d
040 ## - CATALOGING SOURCE
- Original cataloging agency: IT-RoPau
- Transcribing agency: IT-RoPau
100 ## - HEADING--PERSONAL NAME
- Personal name: Mungiardi Rita
- Relator term: (regista)
- Miscellaneous information: Codice regista SPICS: 39842
670 ## - SOURCE DATA FOUND
- Source citation: Work cat.: (IT-RoPau)105129: Mungiardi Rita Codice regista SPICS: 39842 39642, ...UNA VITA PER IMMAGINI... ...UNA VITA PER IMMAGINI... (Rif. Codice opera principale : B9645)